| 000 | 00370nam a2200157 i 4500 | ||
|---|---|---|---|
| 001 | bg | ||
| 100 | 1 | _aFREJMAN, L. S. | |
| 245 | 0 |
_aTeoremy suscestvovanija / _cL. S. Frejman. |
|
| 260 |
_aMoskva : _bIzdatel'stvo "Nauka", _c1971. |
||
| 300 | _as. 133. | ||
| 040 | _cBPK | ||
| 041 | _apol | ||
| 080 | _a517 | ||
| 942 | _cKS | ||
| 008 | s pl f |000 0 pol | ||
| 999 |
_c14068 _d14068 |
||